000 01094nam a22002057a 4500
999 _c26165
_d26165
003 BDDh-ASL
005 20231015030616.0
008 211002s2020 ||||| |||| 00| 0 eng d
040 _cBDDh-ASL
082 _a324.25492
_bBAN
245 1 0 _aবাংলাদেশের কমিউনিস্ট পার্টিসমূহের দলিলপত্র:
_bমস্কোপন্থি। ১ম খণ্ড, ১৯৫৩-১৯৮০ /
246 _aBangladesher Communist Partisamuher Dalilpatra, Moscow Panthi vol.-01
260 _aঢাকা:
_bসময় প্রকাশন,
_c২০২০।
300 _a৪৪৮ পৃষ্ঠা, :
_c২২ সে. মি.
504 _aনিঘন্ট সংযুক্ত ।
650 0 _92492
_aPolitical Science
_xCommunist Movement (কমিউনিস্ট আন্দোলন)
_zBangladesh (বাংলাদেশ)
_y১০৫৩-১৯৮০
650 0 _9981
_aBengal History
_xদলিলপত্র
700 1 _94463
_aরহমান, মুর্শিদা বিনতে
942 _2ddc
_cBK